Dinosaurs of The Jurassic Park Movies - Statistics

General Stats
  • This quiz has been taken 441 times
  • The average score is 14 of 20
Answer Stats
Movie(s) Seen In Dinosaur % Correct
All Tyrannosaurus Rex
99%
All Velociraptor
95%
All Triceratops
90%
Jurassic Park III Spinosaurus
86%
Jurassic Park I, Jurassic Park III Brachiosaurus
84%
Lost World, Jurassic Park III, Jurassic World Stegosaurus
82%
Jurassic Park III, Jurassic World Ankylosaurus
71%
Jurassic World Indominus rex
71%
Jurassic Park I Dilophosaurus
70%
Lost World, Jurassic Park III, Jurassic World Pteranodon
67%
Jurassic Park I, Lost World, Jurassic World Gallimimus
63%
Jurassic World Mosasaurus
63%
Lost World, Jurassic Park III Compsognathus
60%
All Parasaurolophus
59%
Jurassic World Apatosaurus
58%
Jurassic World Dimorphodon
54%
Lost World, Jurassic World Pachycephalosaurus
53%
Jurassic Park III Ceratosaurus
49%
Jurassic Park III Corythosaurus
41%
Lost World Mamenchisaurus
39%
No matching quizzes found
Score Distribution
Percent of People with Each Score
Percentile by Number Answered
Your Score History
You have not taken this quiz